00333nam a2200133Ia 450000500170000000800410001702000140005808200130007210000170008524500320010226000420013430000130017665000100018920250430012214.0240331s9999 xx 000 0 und d a955520216 bRAJa891 aRajapaksha,A 0aGal boralu nopaguu paa yuga aColombobLake House Investmentsc1986 a127 p ., aNovel